000 01017nam a22003137a 4500
001 BR2012005631
003 BR-BrBNA
005 20230928104044.0
007 ta
008 230509b bl.||||| |||| 00| 0 por d
040 _aBR-BrBNA
_bpor
_cBiblioteca Nacional de Agricultura
041 _a(Por)
072 _aL72
_b4076
090 _ 4076 BR2012005631
100 1 _aMoras, L.M.
110 1 _aUniversidade Federal de Lavras, MG (Brasil)
_0Tese (Mestrado)
245 1 _aAssembléia de morcegos (Mammalia, Chiroptera e estrutura da paisagem: composição, distribuição e uso de habitat em uma região de elevada altitude no sul de Minas Gerais
260 3 _aLavras, MG (Brasil):
_c2011.
300 _a44 p.
500 _aSummaries (Eng, Por); Bibliography p. 30-39; 5 tables; 7 illus.
650 _aMORCEGO
650 _aPAISAGEM
650 _aHABITAT
650 _aBIOLOGIA
650 _aTRANSMISSÃO DE DOENÇA
650 _aMINAS GERAIS
909 _a202309
_bLucia
_c55
_dLucia Elande
942 _cBK
999 _c77893
_d77893